| 000 | 00666nam a2200205 a 4500 | ||
|---|---|---|---|
| 001 | BRCA_8472 | ||
| 005 | 20190320210311.0 | ||
| 008 | 290116s2015----mx-a######---#000-0#spa-# | ||
| 020 | _a9786074954029 | ||
| 041 | _aspa | ||
| 050 | 4 | _bC37 2015 | |
| 100 | 1 |
_aCarpallo Bautista, Antonio _921225 |
|
| 245 | 1 | 0 |
_aIdentificación, estudio y descripción de encuadernaciones artísticas _cAntonio Carpallo Bautista. |
| 250 | _a2 | ||
| 260 |
_aMéxico _bFondo Editorial Estado de México : ADABI de México _c2015 |
||
| 300 |
_a322 p. _bil. (algunas a color) _c23 cm. |
||
| 440 | 0 |
_aColección Fundiciones _921226 |
|
| 504 | _aBibliografía : p. 317-322 | ||
| 942 |
_2lcc _cB |
||
| 999 |
_c8139 _d8139 |
||